000 00482cam a22001571 4500
082 _a942.084
_bREE
100 1 _aReed, Douglas,
_949970
245 1 2 _aA prophet at home,
_cby Douglas Reed.
260 _aLondon,
_bJ. Cape
_c[1941]
300 _a2 p. l., 3-414 p.
_c21 cm.
500 _aSequel to Insanity fair and Disgrace abounding.
526 _a0
_b0
_c0
_d942_084000000000000_REE
650 0 _aMCE
_9379
650 0 _aWorld War, 1939-1945
_zGreat Britain.
_948588
942 _2ddc
_cBK
999 _c552710
_d552710